Propuesta de planeación estratégica en la empresa KARED S.A. en el periodo 2017-2019
La situación del país, el acceso al financiamiento, el apoyo del estado y el acceso a la tecnología. Cuando estos elementos no funcionan a favor de la empresa, afectan el desarrollo de ésta externamente en la interacción con en el entorno e internamente, obstaculizando su crecimiento y permanen...
| Main Authors: | , , |
|---|---|
| Other Authors: | |
| Format: | Tesis Section = Libro |
| Language: | Undetermined Spanish |
| Published: |
Managua
UNI
2019
|
| Subjects: |
| LEADER | 01171nam a2200265Ia 4500 | ||
|---|---|---|---|
| 008 | 240830s9999 xx 000 0 und d | ||
| 040 | |a BIBLIOTECA-RUPAP Mon 658.4012 V146 | ||
| 041 | |a spa | ||
| 082 | |a Mon 658.4012 V146 | ||
| 100 | 1 | |a Valdivia Flores, Edwin Francisco | |
| 100 | 1 | |b Obando Castro, Marvin Agustín | |
| 100 | 1 | |c Soza, Julio José | |
| 245 | 1 | 0 | |a Propuesta de planeación estratégica en la empresa KARED S.A. en el periodo 2017-2019 |
| 260 | |a Managua |b UNI |c 2019 | ||
| 300 | |a 92 p. :il. | ||
| 500 | |a Contiene: anexos y CD. | ||
| 502 | |a Tesis (Ingeniero Industrial)- UNI, 2019. | ||
| 520 | 3 | |a La situación del país, el acceso al financiamiento, el apoyo del estado y el acceso a la tecnología. Cuando estos elementos no funcionan a favor de la empresa, afectan el desarrollo de ésta externamente en la interacción con en el entorno e internamente, obstaculizando su crecimiento y permanencia en el mercado. | |
| 650 | 7 | |a PLANEACION ESTRATEGICA | |
| 650 | 7 | |b PLANIFICACION ADMINISTRATIVA | |
| 650 | 7 | |c ESTRATEGIA ORGANIZACIONAL | |
| 700 | 1 | |a Tutor: |b Pietro Marcelo, Silvestri Jirón | |
| 942 | |c BK |2 ddc | ||
| 991 | |a TESIS | ||
| 999 | |c 17225 | ||